Funny TV Mothers II Quiz Stats

 Plays Quiz Updated Nov 14, 2017

Also try: Funny TV Mothers
Challenge
Share
Tweet
Score 0/20 Timer 06:00
0 Plays Today
% Correct
The Flintstones (Wilma Flintstone)
93.9%
Friends (Rachel Green)
92.8%
Cheers (Carla Tortelli)
90%
The Office (Pam Halpert)
85.5%
The Munsters (Lily Munster)
84.4%
The Big Bang Theory (Bernadette Rostenkowski-Wolowitz)
82.5%
American Dad! (Francine Smith)
73.2%
Home Improvement (Jill Taylor)
73%
The Dick Van Dyke Show (Laura Petrie)
66.1%
Mom (Bonnie Plunkett)
64.9%
% Correct
Arrested Development (Lucille Bluth)
64.5%
Black-ish (Rainbow 'Bow' Johnson)
61.7%
Good Times (Florida Evans)
49.1%
Jane the Virgin (Jane Villanueva)
47.3%
Fresh Off the Boat (Jessica Huang)
45.6%
One Day at a Time (Ann Romano)
43.9%
Raising Hope (Virginia Chance)
35.6%
Grace and Frankie (Grace Hanson)
23.6%
Life in Pieces (Joan Short)
18.4%
Great News (Carol Wendelson)
9.9%

You're not logged in!

Compare scores with friends on all Sporcle quizzes.
OR
Log In

You Might Also Like...

Show Comments

Extras

Top Quizzes Today


Score Distribution

Your Account Isn't Verified!

In order to create a playlist on Sporcle, you need to verify the email address you used during registration. Go to your Sporcle Settings to finish the process.

Report this User

Report this user for behavior that violates our Community Guidelines.

Details: